Guía completa de luz e iluminación en fotografía digital.
Guardat en:
| Autor principal: | |
|---|---|
| Format: | Llibre |
| Publicat: |
Barcelona, España:
Blume,
2018.
|
| Edició: | Primera edición en lengua española |
| Matèries: | |
| Etiquetes: |
Afegir etiqueta
Sense etiquetes, Sigues el primer a etiquetar aquest registre!
|
MARC
| LEADER | 00000nam a22000007a 4500 | ||
|---|---|---|---|
| 003 | CL-VaPUC | ||
| 005 | 20250407202442.0 | ||
| 008 | 250311t2010 ||||| |||| 00| 0 eng d | ||
| 999 | |c 447235 |d 447233 | ||
| 020 | |a 978-84-8076-881-8 | ||
| 040 | |c Pontificia Universidad Católica de Valparaíso | ||
| 082 | 7 | |a 778.7 FRE 2010 |2 22 | |
| 100 | |9 489867 |a Freeman, Michael |e autor | ||
| 245 | |a Guía completa de luz e iluminación en fotografía digital. | ||
| 250 | |a Primera edición en lengua española | ||
| 260 | |a Barcelona, España: |b Blume, |c 2018. | ||
| 300 | |a 192 páginas: |b fotografías. | ||
| 500 | |a c.1-c.2. Instituto Arcos.08-01-2025. | ||
| 583 | |c 20250121 |k GC | ||
| 650 | 0 | |a Fotografía |9 862305 |v Iluminación |x Iluminación | |
| 650 | 0 | |a Fotografía |9 896336 |x Técnicas digitales | |
| 942 | |2 ddc |c BK |n 0 | ||
| 952 | |0 0 |1 0 |2 ddc |4 0 |6 778_700000000000000_FRE_2010 |7 0 |8 A |9 600955 |a BIBINC |b BIBINC |d 2025-03-11 |e Instituto Arcos |i 5665817 |o 778.7 FRE 2010 |p 5665817 |r 2025-03-11 |t 1 |w 2025-03-11 |y BK |k IFP | ||
| 952 | |0 0 |1 0 |2 ddc |4 0 |6 778_700000000000000_FRE_2010 |7 0 |8 A |9 600956 |a BIBINC |b BIBINC |d 2025-03-11 |e Instituto Arcos |i 5665818 |o 778.7 FRE 2010 |p 5665818 |r 2025-03-11 |t 2 |w 2025-03-11 |y BK |k IFP | ||